तितली (Record no. 7067)

MARC details
000 -LEADER
fixed length control field 01034 a2200241 4500
005 - DATE AND TIME OF LATEST TRANSACTION
control field 20080912144821.0
008 - FIXED-LENGTH DATA ELEMENTS--GENERAL INFORMATION
fixed length control field 080912t xxu||||| |||| 00| 0 hin d
010 ## - LIBRARY OF CONGRESS CONTROL NUMBER
LC control number HIN-80785
020 ## - INTERNATIONAL STANDARD BOOK NUMBER
International Standard Book Number 8189850903
Terms of availability 115.00
035 ## - SYSTEM CONTROL NUMBER
System control number HN-53131
037 ## - SOURCE OF ACQUISITION
Source of stock number/acquisition D.B.Act / pub
082 ## - DEWEY DECIMAL CLASSIFICATION NUMBER
Classification number
100 ## - MAIN ENTRY--PERSONAL NAME
Personal name जयशंकर प्रसाद
245 ## - TITLE STATEMENT
Title तितली
Statement of responsibility, etc जयशंकर प्रसाद
246 ## - VARYING FORM OF TITLE
Title proper/short title Titli
Remainder of title by Jaishankar Prasad
260 ## - PUBLICATION, DISTRIBUTION, ETC. (IMPRINT)
Place of publication, distribution, etc नोएडा
Name of publisher, distributor, etc रेमाधव पब्लिकेशन्स
Date of publication, distribution, etc 2007
270 ## - ADDRESS
Address सी-94, सेक्टर-63
City नोएडा
Postal code 201001(उ.प्र.)
Electronic mail address contact@remadhav.com
300 ## - PHYSICAL DESCRIPTION
Extent सात,229पृ
Dimensions 22सेमी (सजिल्द)
650 ## - SUBJECT ADDED ENTRY--TOPICAL TERM
Topical term or geographic name as entry element हिन्दी उपन्यास
650 ## - SUBJECT ADDED ENTRY--TOPICAL TERM
Topical term or geographic name as entry element Hindi Novel
942 ## - ADDED ENTRY ELEMENTS (KOHA)
Institution code [OBSOLETE] dpl
Koha item type Hindi Books
Call number prefix उ / जयशं
Source of classification or shelving scheme Dewey Decimal Classification
Classification part
Call number suffix जयशं
Holdings
Withdrawn status Lost status Damaged status Not for loan Home library Current library Date acquired Cost, normal purchase price Total Checkouts Full call number Barcode Date last seen Copy number Uniform Resource Identifier Cost, replacement price Price effective from Koha item type
        D.B.Act.Division D.B.Act.Division 12/09/2008 115.00   उ जयशं HN-53131 15/09/2008 1 7648 115.00 15/09/2008 Hindi Books

© Delhi Public Library
Hit Counter
free hit counter